000
00226nam a22000857a 4500
008
170526b xxu||||| |||| 00| 0 eng d
100
_9
3121
_a
Fagg.H.
245
_a
A Study of Gandhiji Basic Education
260
_a
New Delhi
_b
NBIT
_c
2008
999
_c
6409
_d
6409